000 00680nam a22002417a 4500
003 UA-OsUOA
001 67644
007 ta
008 20100305b un ||||| |||| 00| 0 ukr d
090 _a343.2(470+571)
_bУ26
942 _cBK
040 _aUA-OsUOA
_brus
_cUA-OsUOA
_dUA-OsUOA
245 _aУголовное право
_bУчебник
_cВетрова Н. И., Ляпунова Ю. И.
300 _a640 с.
955 _a2
041 _arus
080 _a343.2(470+571)
020 _a5-8401-0089-7
260 _aМ.
_c2001
250 _n2-е издание
650 7 _a343 Кримінальне право. Карні порушення
_2UDC
999 _c353613
_d353613